000 02096cam a22004814i 4500
003 PE-LiUPU
005 20250731173124.0
008 150623s1997 caua r 000 0 spa d
020 _a0816308764
035 _a(Sirsi) i9780816308767
040 _aPE-LiUPU
_bspa
_cPE-LiUPU
_erda
049 _aPRUA
082 0 4 _a248.24
_bB25
_221
100 1 _aBatchelor, Doug,
_eautor.
245 1 3 _aDe cavernicola a cristiano /
_cDoug BatchelorMarilyn Tooker.
264 1 _aSacramento, CA :
_bMinisterio de la Montaña,
_c1997.
300 _a128 páginas :
_bilustraciones ;
_c21 centímetros
336 _atext
_2rdacontent
337 _aunmediated
_2rdamedia
338 _avolume
_2rdacarrier
505 0 _a¡Terminar con un gran estruendo! -- Escuela militar -- El fugitivo -- ¡Libre al fin! -- La caverna secreta -- El crimen no se justifica -- ¡Embarcado! -- En camino. ¡Llegaron los Árabes! -- Nuevo México y de regreso -- Descubriendo la verdad -- Estrella durante un día -- Poniendo a prueba las iglesias -- Si al principio no tienn éxito -- Pero Señor, ¡Yo nunca podría ser un predicador! -- Historias de indios -- De regreso al hogar -- La roca inamovible.
526 _aSEG42
526 _aSEG41
526 _aSEG40
526 _aSEG39
526 _aP94
526 _aP87
526 _aP86
526 _aP85
526 _aP77
526 _aP76
526 _aP35
600 1 _aBatchelor, Doug.
_d1957-
_xConversos
650 0 4 _aConversión de Adventista del Séptimo Día
_vBiobrafías.
650 0 4 _aConversos
_xRelatos personales.
700 1 _aTooker, Marilyn.
942 _2ddc
_cBOOK
949 _a248.24 B25
_wDEWEY
_c1
_i51088
_d2015-11-23
_e2015-11-22
_lCCODEBUL1
_mBUL
_n3
_p10.00
_r0
_sY
_tBOOK
_u2015-6-24
_xTEOLOGIA
_PP35
_0COMPRA
_o.STAFF. Colección Teología
994 _aC0
_bPEPRU
596 _a1
999 _a248.24 B25
_wDEWEY
_c32781
_i51088
_d32781
_e2018-10-28
_f2021-11-11
_g5
_lCCODEBUL1
_mBUL
_n5
_p10.00
_r0
_sY
_tBOOK
_u2015-6-24
_xTEOLOGIA
_PP35
_0COMPRA
_o.STAFF. Colección Teología
980 _81
_gALBERTO SANCHEZ Responsable de Automatización